000 00546nam a2200181Ia 4500
999 _c1861
_d1861
003 OSt
005 20201109110204.0
008 190216s9999||||xx |||||||||||||| ||und||
020 _a9789380853710
040 _coclc
082 _a576.5
_bKRE/L
100 _aKrebs, Jocelyn E
_96336
245 0 _aLewin`s Genes Xi /
_cJocelyn E Krebs ; Elliott S Goldstein ; Stephen T Kilpatrick
260 _bJones And Bartlett,
_c2014.
_aBurlington:
300 _a940p
650 _aBotany
942 _cBK
_2ddc
_h576.5
_iKRE/L
_k576.5
_mKRE/L